00810naa a2200205 i 45000010005000000030009000050050017000140080039000310150017000700400028000870800011001150800012001261000092001382450076002306500034003067730157003408560079004979420013005769990015005899874KOSZ 00520180411111901.0180308s1997 pl f f |000 0 pol aPB 1998/8454 aWA NcWA NdKOSZ 005/EG a657.05 a(075.8)1 aWYSOCKA-MODER, Beata.bPolitechnika Koszalińska - Instytut Zarządzania i Marketingu10aAnaliza wrażliwości i progu rentowności /cBeata Wysocka - Moder. 0aRachunkowość zarządcza.0 iW :tZbiór zadań do ćwiczeń z rachunkowości zarządczej / pod red. Emilii Fladrowskiej. -dKoszalin : Wydaw. Uczelniane PK, 1997. -gs. 45-46 uhttp://dlibra.tu.koszalin.pl/dlibra/docmetadata?id=613yBiblioteka Cyfrowa 2UKDcROZ c9874d9874